000 00871nac a22002897a 4500
001 BR9701608
003 BR-BrBNA
005 20240105121906.0
008 230509b bl.|||m| |||| 00| 0 por d
040 _aBR-BrBNA
_bpor
_cBiblioteca Nacional de Agricultura
072 _aF01
090 _a2120 BR9701608
110 1 _aInstituto Brasileiro do Cafe, Rio de Janeiro, RJ (Brasil)
_95880
245 1 _aPraticas culturais no cafezal
250 1 _a4. ed.
260 3 _aRio de Janeiro, RJ (Brasil):
_c1981.
300 _a[vp]
490 _aInstrucoes Tecnicas sobre a Cultura de Cafe no Brasil (Brazil)
_vno. 6
_x
500 _a13 ref.; 38 illus.; 9 tables
650 _aCafe
650 _aPratica Cultural
650 _aErva Daninha
650 _aHerbicida
650 _aNitrogenio
909 _a202312
_bLúcia Elande
_c55
_dLúcia Elande
942 _2AGRIS
_n0
_cMS
999 _c288073
_d288073